000 02676nam a22003137a 4500
003 BJBSDDR
005 20260512103017.0
007 ta
008 260219s2024 fr ||||| |||| 00| 0 fre d
020 _a9782130870159
020 _a2130870155
040 _beng
_cBJBSDDR
041 _afre
050 1 4 _aLC 93
_bN436r 2024
100 1 _aNemo, Philippe,
_d1949-
_947155
245 1 0 _aRepenser l'enseignement /
_cPhilippe Nemo
260 _aParis :
_bPUF,
_c2024
300 _a290 pages ;
_c22 cm
490 1 _aSociété
500 _aPUF = Presses universitaires de France
504 _aIncludes bibliographical references.
520 _aLes sous-performances de notre système scolaire et universitaire sont cruellement mises en évidence aujourd'hui par les classements internationaux. La France, qui fut jadis un des « cerveaux du monde », semble engagée dans une baisse angoissante de son niveau intellectuel. On peut légitimement incriminer les structures d'un système monopolistique centralisé dont l'expérience a suffisamment montré qu'en raison de sa taille, et parce qu'il est paralysé par le statut de la fonction publique et la cogestion syndicale, il ne peut plus fonctionner. On doit aussi mettre en cause les idéologies qui le dominent depuis des années : rejet de l'entreprise, égalitarisme, pédagogisme, inexplicable réticence à transmettre les savoirs. Si l'on veut remonter la pente, il faut repenser tant les structures que les contenus d'enseignement. Il est indispensable d'instaurer un pluralisme permettant autonomie, émulation et responsabilité, ce qui pourra se faire au sein même du service public, par déconcentration ou décentralisation, mais aussi par le développement d'un secteur privé d'un nouveau type associant financement public et prestation par des acteurs non étatiques. Cette liberté retrouvée permettra de mettre sur pied un enseignement secondaire diversifié comportant, d'une part, des filières techniques et professionnelles d'excellence, d'autre part, un secondaire académique rompant avec le non-sens du « collège unique ». Ainsi pourront être formés les scientifiques, ingénieurs, médecins, administrateurs, experts en tous domaines dont la France a évidemment besoin si elle veut tenir son rang face aux nations qui menacent de la dépasser aujourd'hui sur les plans scientifique, économique et géopolitique. »--Quatrième de couverture
650 4 _aEducación y Estado
_96349
_zFrancia
_xHistoria
650 4 _aCambio educativo
_916371
_zFrancia
650 0 _aEducación
_xHistoria
_92427
_zFrancia
830 0 _aSociété
_948393
942 _2lcc
_cBK
946 _icmc
999 _c126430
_d126430